Galpa sourav/ (Record no. 12055)

MARC details
000 -LEADER
fixed length control field 00507nam a22001937a 4500
005 - DATE AND TIME OF LATEST TRANSACTION
control field 20250226053302.0
008 - FIXED-LENGTH DATA ELEMENTS--GENERAL INFORMATION
fixed length control field 250226b |||||||| |||| 00| 0 eng d
020 ## - INTERNATIONAL STANDARD BOOK NUMBER
International Standard Book Number 9789393805294
040 ## - CATALOGING SOURCE
Original cataloging agency IN-DiNC
Transcribing agency IN-DiNC
041 ## - LANGUAGE CODE
Language code of sung or spoken text Assamese
082 ## - DEWEY DECIMAL CLASSIFICATION NUMBER
Classification number 891.4513
Item number GAL
245 ## - TITLE STATEMENT
Title Galpa sourav/
Statement of responsibility, etc. ed. by Ashim Chutia
250 ## - EDITION STATEMENT
Edition statement 1st ed.
260 ## - PUBLICATION, DISTRIBUTION, ETC.
Place of publication, distribution, etc. Dibrugarh:
Name of publisher, distributor, etc. Banalata,
Date of publication, distribution, etc. 2022.
300 ## - PHYSICAL DESCRIPTION
Extent 136p.
650 ## - SUBJECT ADDED ENTRY--TOPICAL TERM
Topical term or geographic name entry element Collection of Assamese short stories
700 ## - ADDED ENTRY--PERSONAL NAME
Personal name Chutia, Ashim
Relator term Editor
942 ## - ADDED ENTRY ELEMENTS (KOHA)
Source of classification or shelving scheme Dewey Decimal Classification
Koha item type Books
Holdings
Withdrawn status Lost status Source of classification or shelving scheme Damaged status Not for loan Collection code Home library Current library Shelving location Date acquired Cost, normal purchase price Total Checkouts Full call number Barcode Date last seen Date last checked out Copy number Price effective from Koha item type
    Dewey Decimal Classification     Assamese Naharkatiya College Library Naharkatiya College Library General Stacks 26/02/2025 180.00 1 891.4513 GAL 30556 24/05/2025 01/03/2025 1 26/02/2025 Books
    Dewey Decimal Classification     Assamese Naharkatiya College Library Naharkatiya College Library General Stacks 26/02/2025 180.00   891.4513 GAL 30557 26/02/2025   2 26/02/2025 Books
    Dewey Decimal Classification     Assamese Naharkatiya College Library Naharkatiya College Library General Stacks 26/02/2025 180.00   891.4513 GAL 30558 26/02/2025   3 26/02/2025 Books

Naharkatiya College © 2020. All rights reserved.

Powered By